Najpopularniejsze piosenki White 2115 - Statystyki

Ogólne statystyki
  • Ten quiz został rozwiązany 141 razy
  • Średni wynik to 5 z 10
Statystyki odpowiedzi
Hint Odpowiedź % Poprawnych
106 mln California
97%
49 mln Mogę dziś umierać
65%
32 mln Morgan
60%
11 mln RiRi
58%
36 mln La vida loca
50%
21 mln Rockstar
46%
22 mln Pałac
44%
37 mln Nowi kumple
41%
18 mln Noc
38%
17 mln Do zachodu słońca
30%
Nie znaleziono quizów pasujących do podanych kryteriów
Rozkład punktacji
Procent ludzi z każdym wynikiem
Percentyl według liczby udzielonych odpowiedzi
Twoja historia wyników
Nie rozwiązałeś tego quizu